000 01392nmc a2200349 a 4500
003 AR-BaBNM
005 20251128203754.0
008 177019s1975 ||||||||||||||000 | spa||
040 _cAR-BaBNM
100 1 _aDyer, William G.
245 1 0 _aTeoría y método modernos del adiestramiento grupal
250 _a1ª ed.
260 _aBuenos Aires
_bGuadalupe
_bCentro Regional de Ayuda Técnica. Agencia para el Desarrollo Internacional
_c1975
300 0 _a284 p.
_bdiagr., tablas
490 0 _aBiblioteca pedagógica. Problemática de la educación
_vt. 37
500 1 _aEsta publicación ha sido preparada conjuntamente por la editorial y el Centro Regional de Ayuda Técnica, Agencia para el Desarrollo Internacional AID, Departamento de Estado del Gobierno de los Estados Unidos de América. El Centro es una organización dedi
504 _aContiene bibliografía al final de cada capítulo
650 4 _aTEORIA DE LOS GRUPOS
650 4 _aFORMACION PROFESIONAL
650 4 _aADMINISTRACION DE EMPRESAS
650 4 _aDINAMICA DE GRUPO
650 4 _aENSENANZA EN GRUPO
650 4 _aGRUPOS DE TRABAJO
650 4 _aGRUPOS DE DISCUSION
650 4 _aCOMUNICACION EN GRUPO
650 4 _aLIDERAZGO
700 1 _aBradford, Leland P.
_eprologuista
700 1 _aRosenblatt, Noemí
_etraductor
700 1 _aAlcalde, Ramón
_esupervisión
942 _cBK
998 _csilvi
999 _c4879
_d4879